000 00579nam a2200181 i 4500
001 120036
003 ES-MaACL
005 20230906191443.0
007 t|
008 070214s1970 sp r ||||1| spa d
080 _a691:620.1(076)
100 1 _aPérez Sordo, María Teresa.
_991168
245 1 0 _aProblemas de materiales de construcción /
_cMaría Teresa Pérez Sordo.
260 _aGranada :
_bEscuela de Arquitectos Técnicos,
_c1970.
300 _a127 p. :
_bil. ;
_c31 cm.
710 2 _aEscuela de Arquitectos Técnicos (Granada)
_9174615
852 4 _aES-MaACL
_jC-37448
999 _c120036
_d120036